00654cam a2200205ua 450000500170000000800390001702000180005604000180007404100080009208200130010010000270011324501390014025000120027926000330029130000100032465000270033465300290036165300300039070000280042020230909154856.0150813n ii |||gr||||Z||||||asm a9788173394874 cMAINaIN-DiNC dasm a301bSAI aSaikia, Utpal,eauthor1 aUchchattar madhyamik samajtattwa : bsamajtattwa parichay aru samajbodh (pratham barshikar babe) / cby Utpal Saikia and Mridul Saikia a1st ed. aDibrugarh:bBanalata,c2010. a238p. aSociology for class XI aSociology & anthropology aSociology for HS 1st year aSaikia, Mridul,eauthor